Discurso del método /

Obra en la que René Descartes (1596-1650), científico y filósofo francés, desarrolla el planteamiento de su duda metódica, a través del estudio de las reglas principales del método, los principios de moral, la diferencia entre el hombre y el animal, y la defensa de la ciencia.

Na minha lista:
Detalhes bibliográficos
Autor principal: Descartes, René (autor)
Outros Autores: Armiño, Mauro (prólogo) (prólogo)
Formato: Livro
Idioma:espanhol
Publicado em: Madrid, España : EDAF, 1982, c1982
Colecção:(Biblioteca EDAF ; 22)
Assuntos:
Tags: Adicionar Tag
Sem tags, seja o primeiro a adicionar uma tag!

MARC

LEADER 00000nam^a2200000^a^4500
001 000187984
005 20250521000000.0
009 20260310102321.253
020 |a 84-7166-269-8 
037 |a Acervo ITESO - Biblioteca 
041 |a ESP 
082 |a 149. 7  |b DES OBR DIS 
100 |a Descartes, René  |e (autor) 
240 1 1 |a [Discurso del método] 
245 1 0 |a Discurso del método /  |c R. Descartes ; pról. de M. Armiño ; tr. por Antonio Gual Mir. 
264 4 |a Madrid, España :  |b EDAF,  |c 1982, c1982 
300 |a 107 p. 
336 |a texto  |b txt  |2 rdacontenido 
337 |a sin mediación  |b n  |2 rdamedio 
338 |a volumen  |b nc  |2 rdasoporte 
440 1 |a (Biblioteca EDAF ;  |v 22) 
500 |a Traducción de: Discours de la méthode 
520 |a Obra en la que René Descartes (1596-1650), científico y filósofo francés, desarrolla el planteamiento de su duda metódica, a través del estudio de las reglas principales del método, los principios de moral, la diferencia entre el hombre y el animal, y la defensa de la ciencia. 
545 0 |a El filósofo y científico francés René Descartes (1596 - 1650) es considerado el padre de la filosofía moderna por su cuestionamiento a los modelos aristotélicos, su formulación de la dualidad entre alma y cuerpo y por establecer un modelo científico basado en la observación y en la experimentación. Principal exponente del racionalismo, planteó la razón y la duda como métodos para la reflexión filosófica y como condiciones para reconocer la validez del conocimiento en contraste con la aceptación de autoridad de esquemas filosóficos previos o de la percepción de los sentidos. Su concepción del hombre como un ser conscientemente pensante (abreviada en su locución “cogito, ergo sum”) parte de sus postulados metafísicos sobre el espíritu y la materia, sobre la separación entre las ideas innatas de la mente y la visión mecanicista de la realidad exterior. Como matemático expuso los principios de la geometría analítica, al aplicar análisis matemáticos y algebraicos a planos y figuras geométricas, así como de los números exponenciales. Autor de diversas obras, entre las principales se encuentran Reglas para la dirección del espíritu (1628), Discurso del método (1637), Geometría (1637), Meditaciones metafísicas (1641), Principios de filosofìa (1644) y Las pasiones del alma (1649). 
649 |a XX 
650 |a Dios -  |x Prueba Ontológica 
650 |a Alma y Cuerpo 
650 |a Antropología Filosófica 
650 |a Ontología 
650 |a Metodología 
650 |a Epistemología 
650 |a Racionalismo -  |x Tema Principal 
650 |a Filosofía Moderna 
650 |a Filosofía Francesa 
700 |a Armiño, Mauro  |e (prólogo) 
910 |a Fondo General 
920 |a Impresos - Libros 
930 |a Colección General 
905 |a 101 
901 |a 0500130473  |b IT1  |c ACC  |u 20250521 
902 |a https://opac.biblio.iteso.mx/vufind/Record/000187984